[Event "XXIX Memorial Edoardo Crespi A"]
[Site "Milano ITA"]
[Date "2008.12.09"]
[Round "5"]
[White "Tahirovic, Adnan"]
[Black "Cazzaniga, Walter"]
[Result "0-1"]
[WhiteElo "1938"]
[BlackElo "2160"]
[PlyCount "150"]
[EventDate "2008.12.06"]

1. e4 e6 2. d3 c5 3. Nf3 Nc6 4. g3 g6 5. Bg2 Bg7 6. O-O Nge7 7. Re1 d6 8. c3 e5
9. Nbd2 O-O 10. Nf1 Rb8 11. Be3 b6 12. Qd2 Re8 13. Bh6 d5 14. Bxg7 Kxg7 15. Ne3
d4 16. Nd5 Be6 17. c4 f6 18. h3 Qd7 19. Kh2 b5 20. b3 b4 21. Rac1 a5 22. Nh4 g5
23. Nf3 Ng6 24. h4 h6 25. h5 Nge7 26. Ng1 Rb7 27. Bh3 Ra8 28. Bxe6 Qxe6 29. Qe2
a4 30. Rf1 axb3 31. axb3 Ra3 32. f4 exf4 33. gxf4 Rba7 34. Rc2 g4 35. e5 f5 36.
Nxe7 Qxe7 37. Rb2 Qh4+ 38. Kg2 Qxh5 39. Qf2 Qe8 40. Qh4 Qe7 41. Qh5 Qf7 42. Qh4
Ra2 43. Rff2 Rxb2 44. Rxb2 Ra3 45. Ne2 Qe7 46. Ng3 Qe6 47. Qh5 Ne7 48. Qe8 Kh7
49. Kh2 Ra6 50. Nh5 Ng6 51. Qxe6 Rxe6 52. Re2 Kg8 53. Kg3 Kf7 54. Ra2 Nxe5 55.
fxe5 Rxe5 56. Kf4 Re3 57. Kxf5 g3 58. Nf4 h5 59. Kg5 Rf3 60. Rg2 h4 61. Kg4 Rf2
62. Rg1 Rh2 63. Nh3 Rd2 64. Kxh4 Rxd3 65. Rxg3 Rc3 66. Nf4 Kf6 67. Kg4 Ke5 68.
Ne2 Ke4 69. Nxc3+ bxc3 70. b4 c2 71. Rg1 cxb4 72. Rc1 Kd3 73. c5 b3 74. c6 b2
75. c7 bxc1=Q 0-1

[Event "XXIX Memorial Edoardo Crespi A"]
[Site "Milano ITA"]
[Date "2008.12.09"]
[Round "5"]
[White "Valenti, Giuseppe"]
[Black "Loehnhardt, Benjamin"]
[Result "1-0"]
[WhiteElo "2162"]
[BlackElo "2113"]
[PlyCount "119"]
[EventDate "2008.12.06"]

1. e4 e6 2. d4 b6 3. Bd3 Bb7 4. Nf3 c5 5. c3 Nf6 6. Nbd2 Be7 7. Qe2 Nc6 8. a3
d6 9. O-O O-O 10. e5 Nd7 11. Bc2 cxd4 12. cxd4 Qc8 13. exd6 Bxd6 14. Nc4 Be7
15. Bf4 Ba6 16. b3 Na5 17. Qd3 g6 18. Nfd2 Nxc4 19. bxc4 Rd8 20. Qe3 Bf6 21.
Be4 Bb7 22. Bxb7 Qxb7 23. Ne4 Be7 24. Qf3 Qa6 25. Rfc1 Rac8 26. Bd6 Bf8 27. Ng5
f5 28. Nxe6 Bxd6 29. Nxd8 Nf6 30. Nc6 Ne4 31. Nb4 Qa4 32. Qd3 Rd8 33. Nd5 Kg7
34. f3 Ng5 35. Qe2 Re8 36. Qd3 Ne6 37. Re1 Kf7 38. Kh1 Qc6 39. Nb4 Qc7 40. Nd5
Qd8 41. g3 Qg5 42. f4 Qd8 43. Nb4 Bf8 44. Nc6 Qc7 45. Ne5+ Kg8 46. Rad1 Qd6 47.
a4 Rd8 48. d5 Nc5 49. Qc2 Rc8 50. Ra1 Bg7 51. a5 b5 52. Rad1 Ne4 53. Rxe4 fxe4
54. Qxe4 b4 55. Nd3 Bc3 56. c5 Qd7 57. d6 Kf8 58. Ne5 Bxe5 59. fxe5 Rxc5 60. e6
1-0

[Event "XXIX Memorial Edoardo Crespi A"]
[Site "Milano ITA"]
[Date "2008.12.10"]
[Round "6"]
[White "Borin, Fabio"]
[Black "Nicolo', Filippo"]
[Result "0-1"]
[WhiteElo "2130"]
[BlackElo "2094"]
[PlyCount "88"]
[EventDate "2008.12.06"]

1. d4 d6 2. e4 g6 3. c4 Bg7 4. Nc3 a6 5. h4 h5 6. Be3 c6 7. a4 Qa5 8. Bd2 Bxd4
9. Nb5 Qb6 10. Nxd4 Qxd4 11. Qc2 Nf6 12. Bc3 Qb6 13. a5 Qc7 14. f4 e5 15. Nf3
Nbd7 16. c5 Ng4 17. Qd2 Nxc5 18. fxe5 dxe5 19. Nxe5 Nxe5 20. Qg5 Ncd7 21. O-O-O
O-O 22. Rxd7 Nxd7 23. Bc4 Kh7 24. Qe7 Qd8 25. Qb4 c5 26. Qb3 Qe7 27. e5 Nxe5
28. Re1 f6 29. Be2 Bf5 30. g4 Bxg4 31. Kb1 Bxe2 32. Rxe2 Rad8 33. Rg2 Qd7 34.
Rd2 Qf5+ 35. Ka2 Rxd2 36. Bxd2 Qd7 37. Qe3 Ng4 38. Qf4 Rd8 39. Bc3 Qe6+ 40. Ka3
Qe7 41. Ka2 Qd6 42. Qf1 Qd5+ 43. Ka3 c4 44. Qf4 Qd6+ 0-1

[Event "XXIX Memorial Edoardo Crespi A"]
[Site "Milano ITA"]
[Date "2008.12.10"]
[Round "6"]
[White "Brigati, Alessandro"]
[Black "Barberi, Alessandro"]
[Result "1-0"]
[WhiteElo "2090"]
[BlackElo "2156"]
[PlyCount "79"]
[EventDate "2008.12.06"]

1. d4 g6 2. Bf4 Bg7 3. e3 d6 4. Nf3 c5 5. c3 b6 6. Bb5+ Nd7 7. Qa4 Qc7 8. O-O
Ngf6 9. h3 O-O 10. Nbd2 Bb7 11. Rac1 a6 12. Bd3 b5 13. Qd1 Rfe8 14. e4 e5 15.
Bh2 c4 16. Bb1 exd4 17. Nxd4 Nxe4 18. Bxe4 Bxe4 19. Nxe4 Rxe4 20. Nf3 Bf8 21.
Ng5 Ree8 22. Qd5 Nb6 23. Qf3 Qe7 24. h4 f6 25. Nh3 d5 26. Bg3 Qf7 27. Rcd1 Rad8
28. Rd2 Bc5 29. Rfd1 f5 30. h5 Rd7 31. hxg6 hxg6 32. Ng5 Qf6 33. Bf4 d4 34.
cxd4 Bxd4 35. g3 Ree7 36. Kg2 b4 37. Re2 a5 38. Rde1 Be5 39. Rxe5 Rd3 40. Rxe7
1-0

[Event "XXIX Memorial Edoardo Crespi A"]
[Site "Milano ITA"]
[Date "2008.12.10"]
[Round "6"]
[White "Cazzaniga, Walter"]
[Black "Pucovski, Miroslav"]
[Result "1/2-1/2"]
[WhiteElo "2160"]
[BlackElo "2343"]
[PlyCount "38"]
[EventDate "2008.12.06"]

1. d4 d5 2. c4 c6 3. Nf3 Nf6 4. Nc3 e6 5. Bg5 dxc4 6. e4 b5 7. e5 h6 8. Bh4 g5
9. Nxg5 hxg5 10. Bxg5 Nbd7 11. exf6 Bh6 12. Bxh6 Rxh6 13. g3 Qxf6 14. Bg2 Bb7
15. Qd2 Rh5 16. Ne4 Qe7 17. Qa5 c5 18. Qc7 Bxe4 19. Bxe4 Qd8 1/2-1/2

[Event "XXIX Memorial Edoardo Crespi A"]
[Site "Milano ITA"]
[Date "2008.12.10"]
[Round "6"]
[White "Drazic, Sinisa"]
[Black "Burlando, Alessandro"]
[Result "1-0"]
[WhiteElo "2528"]
[BlackElo "2162"]
[PlyCount "83"]
[EventDate "2008.12.06"]

1. c4 Nf6 2. Nf3 g6 3. b4 Bg7 4. Bb2 O-O 5. e3 d6 6. d4 Nbd7 7. Be2 e5 8. dxe5
Ng4 9. Nc3 Ndxe5 10. Nd2 Bh6 11. Nd5 c6 12. Nf4 Qe7 13. O-O Nf6 14. g3 Bf5 15.
Nb3 Rad8 16. a4 Rfe8 17. Ra3 Bg7 18. Ba1 d5 19. c5 Nc4 20. Ra2 Ne4 21. Bxg7
Kxg7 22. Qd4+ Qf6 23. Rc1 Ne5 24. Qa1 Nd7 25. g4 Qxa1 26. Raxa1 Be6 27. f3 Nef6
28. Nd4 Ne5 29. Ra3 Bd7 30. h3 Re7 31. Kf2 Rde8 32. b5 h5 33. g5 Ng8 34. h4 f6
35. gxf6+ Nxf6 36. Rb3 Bc8 37. Rg1 Kh6 38. bxc6 bxc6 39. Nxc6 Nfg4+ 40. fxg4
Nxc6 41. gxh5 Ne5 42. hxg6 1-0

[Event "XXIX Memorial Edoardo Crespi A"]
[Site "Milano ITA"]
[Date "2008.12.10"]
[Round "6"]
[White "Facchetti, Gianni"]
[Black "Iudicello, Giovanni"]
[Result "0-1"]
[WhiteElo "2154"]
[BlackElo "2183"]
[PlyCount "98"]
[EventDate "2008.12.06"]

1. e4 e5 2. Nf3 Nc6 3. Bc4 Bc5 4. c3 Nf6 5. Qe2 d6 6. h3 Qe7 7. d3 Be6 8. Nbd2
O-O 9. Ng5 h6 10. Nxe6 fxe6 11. Nf3 Nh5 12. Bd2 Nf4 13. Bxf4 Rxf4 14. O-O-O
Raf8 15. Rhf1 Qf6 16. Bb3 a6 17. Rde1 Kh8 18. Bd1 b5 19. a3 a5 20. Qc2 Qg6 21.
Rg1 b4 22. axb4 axb4 23. Qe2 bxc3 24. bxc3 Ra8 25. Bc2 Qf6 26. Ref1 d5 27. Bb1
d4 28. c4 Qf8 29. Nd2 Ba3+ 30. Kd1 Qb4 31. f3 Qb2 32. Ke1 Bb4 33. Qd1 Ra1 34.
Kf2 Bxd2 35. Kg3 Be3 36. Rh1 h5 37. h4 g6 38. Kh3 Nb4 39. g3 Rf7 40. Rh2 Qa3
41. Rg2 Qa4 42. Qxa4 Rxa4 43. c5 Ra3 44. Rb2 Nxd3 45. Bxd3 Rxd3 46. Rb8+ Kg7
47. Re8 Kf6 48. g4 hxg4+ 49. fxg4+ Bf4+ 0-1

[Event "XXIX Memorial Edoardo Crespi A"]
[Site "Milano ITA"]
[Date "2008.12.10"]
[Round "6"]
[White "Garano, Nicola"]
[Black "Miatello, Alberto"]
[Result "1-0"]
[WhiteElo "2251"]
[BlackElo "2007"]
[PlyCount "145"]
[EventDate "2008.12.06"]

1. e4 c5 2. Nf3 e6 3. d4 cxd4 4. Nxd4 Nc6 5. Nc3 a6 6. Be3 Qc7 7. Qd2 Bb4 8. a3
Bxc3 9. Qxc3 Nf6 10. Bd3 d5 11. Nxc6 Qxc6 12. Qxc6+ bxc6 13. e5 Nd7 14. f4 O-O
15. O-O c5 16. b4 c4 17. Be2 Bb7 18. Bd4 Nb8 19. a4 Nc6 20. Bc5 Rfc8 21. c3 a5
22. Bf2 axb4 23. cxb4 Rab8 24. b5 Na5 25. Ra3 Nb3 26. Bd1 Na5 27. Bc2 Ra8 28.
Rfa1 Rd8 29. Bd4 Rd7 30. Kf2 Bc8 31. g4 g6 32. Rb1 Rc7 33. Bb6 Rb7 34. Bd4 Bd7
35. h4 Rc8 36. Rc3 Rbb8 37. Ba7 Rb7 38. Bd4 Rbb8 39. Ba7 Rb7 40. Be3 Rbb8 41.
Bd4 Nb7 42. h5 Nc5 43. Ke3 Kf8 44. Bxc5+ Rxc5 45. Kd4 Rbc8 46. Ra1 Ke7 47. Rh1
R5c7 48. hxg6 hxg6 49. Rh7 Kf8 50. Rch3 Be8 51. f5 gxf5 52. gxf5 exf5 53. b6
Rc6 54. a5 c3 55. Rh8+ Ke7 56. Rxe8+ Rxe8 57. Kxd5 Rec8 58. b7 Rc5+ 59. Kd4
Rc4+ 60. Kd3 R4c5 61. bxc8=Q Rxc8 62. Kd4 Ra8 63. Rxc3 Rxa5 64. Bxf5 Ra7 65.
Rb3 Rc7 66. Be4 f6 67. Rb6 fxe5+ 68. Kxe5 Rc5+ 69. Bd5 Kf8 70. Rb7 Ra5 71. Kf6
Ra6+ 72. Be6 Ra8 73. Rh7 1-0

[Event "XXIX Memorial Edoardo Crespi A"]
[Site "Milano ITA"]
[Date "2008.12.10"]
[Round "6"]
[White "Kasparov, Sergey"]
[Black "Barsov, Alexei"]
[Result "1/2-1/2"]
[WhiteElo "2492"]
[BlackElo "2513"]
[PlyCount "20"]
[EventDate "2008.12.06"]

1. d4 d5 2. c4 e6 3. Nc3 Be7 4. cxd5 exd5 5. Bf4 c6 6. e3 Bf5 7. Bd3 Bxd3 8.
Qxd3 Nf6 9. Nf3 Nbd7 10. O-O O-O 1/2-1/2

[Event "XXIX Memorial Edoardo Crespi A"]
[Site "Milano ITA"]
[Date "2008.12.10"]
[Round "6"]
[White "Kasparova, Tatiana"]
[Black "Bonanno, Alessandro"]
[Result "1/2-1/2"]
[WhiteElo "2185"]
[BlackElo "2125"]
[PlyCount "23"]
[EventDate "2008.12.06"]

1. e4 c5 2. Nf3 Nc6 3. Bb5 g6 4. Bxc6 dxc6 5. d3 Bg7 6. h3 Nf6 7. Nc3 Nd7 8.
Be3 e5 9. Qd2 Qe7 10. Bh6 Bxh6 11. Qxh6 f6 12. Nh2 1/2-1/2

[Event "XXIX Memorial Edoardo Crespi A"]
[Site "Milano ITA"]
[Date "2008.12.10"]
[Round "6"]
[White "Ljubicic, Filip"]
[Black "Stella, Andrea"]
[Result "1/2-1/2"]
[WhiteElo "2415"]
[BlackElo "2234"]
[PlyCount "156"]
[EventDate "2008.12.06"]

1. e4 c5 2. Nf3 d6 3. d4 cxd4 4. Nxd4 Nf6 5. Nc3 Nc6 6. Bc4 Qb6 7. Nde2 e6 8.
Bb3 Be7 9. O-O a6 10. h3 O-O 11. Ng3 Qc7 12. Bg5 b5 13. Nh5 Nxh5 14. Qxh5 b4
15. Bxe7 Nxe7 16. Ne2 a5 17. a4 Bb7 18. Ng3 d5 19. Rfe1 Rfd8 20. Rad1 h6 21. e5
Ba6 22. Ne2 Bxe2 23. Rxe2 Qc5 24. Rd3 Ng6 25. Qg4 Qe7 26. Rd4 Rac8 27. Re3 Qc7
28. Qh5 Qc5 29. Rg4 d4 30. Re1 Rc6 31. Rxg6 fxg6 32. Qxg6 d3 33. cxd3 Qd4 34.
Bxe6+ Kh8 35. Qf7 Qxd3 36. b3 Qd4 37. Bc4 Qc5 38. Qf4 Rf8 39. Qe3 Qxe3 40. Rxe3
Rc7 41. e6 g5 42. Re5 Rb8 43. Bb5 Rbb7 44. Bd7 Rxd7 45. exd7 Rxd7 46. Kf1 Rd3
47. Re3 Rd2 48. g4 Kg7 49. Kg2 Kf6 50. Kg3 Rd4 51. h4 Rd1 52. Rf3+ Kg6 53. h5+
Kg7 54. Rf5 Rd3+ 55. Kg2 Rxb3 56. Rxa5 Ra3 57. Ra7+ Kh8 58. a5 b3 59. Rb7 Rxa5
60. Rxb3 Ra4 61. Kg3 Kg7 62. f3 Ra2 63. f4 gxf4+ 64. Kxf4 Ra4+ 65. Kf3 Kf7 66.
Rb7+ Kg8 67. Re7 Rb4 68. Re4 Rb5 69. Kf4 Kf7 70. Ra4 Kg7 71. Ra7+ Kg8 72. Re7
Rb4+ 73. Kf5 Rb5+ 74. Re5 Rb6 75. Re6 Rb5+ 76. Kg6 Rg5+ 77. Kxh6 Rxg4 78. Rg6+
Kh8 1/2-1/2

[Event "XXIX Memorial Edoardo Crespi A"]
[Site "Milano ITA"]
[Date "2008.12.10"]
[Round "6"]
[White "Luppi, Sergio"]
[Black "Agrifoglio, Fabio"]
[Result "0-1"]
[WhiteElo "1974"]
[BlackElo "1998"]
[PlyCount "78"]
[EventDate "2008.12.06"]

1. d4 d6 2. c4 e5 3. Nf3 Nc6 4. Nc3 Bg4 5. d5 Bxf3 6. gxf3 Nce7 7. f4 exf4 8.
Bxf4 Ng6 9. Bg3 Be7 10. Qb3 Nf6 11. Qa4+ Qd7 12. Bh3 Qxa4 13. Nxa4 h5 14. f3 h4
15. Bf2 Nf4 16. Bf1 Nd7 17. e3 Ng6 18. f4 Nf6 19. Bd3 Ng4 20. h3 Nxf2 21. Kxf2
Nf8 22. Rhg1 g6 23. Rac1 Nd7 24. Rge1 O-O-O 25. b4 g5 26. Bf5 Kb8 27. Bxd7 Rxd7
28. f5 Bf6 29. e4 Be5 30. Kf3 Re7 31. c5 f6 32. b5 b6 33. cxd6 Bxd6 34. Rc6 g4+
35. hxg4 h3 36. Nc3 h2 37. Rh1 Rh3+ 38. Kf2 Bc5+ 39. Kg2 Rh4 0-1

[Event "XXIX Memorial Edoardo Crespi A"]
[Site "Milano ITA"]
[Date "2008.12.10"]
[Round "6"]
[White "Massironi, Marco"]
[Black "Tahirovic, Adnan"]
[Result "1-0"]
[WhiteElo "2169"]
[BlackElo "1938"]
[PlyCount "63"]
[EventDate "2008.12.06"]

1. e4 g6 2. d4 d6 3. Nc3 Bg7 4. Be3 Nd7 5. f4 a6 6. Nf3 e6 7. Bd3 b5 8. e5 d5
9. f5 gxf5 10. Ng5 Nf8 11. Qh5 Ng6 12. g4 N8e7 13. O-O c6 14. Rae1 Qb6 15. a4
b4 16. a5 Qxa5 17. Ne2 h6 18. Nxf7 Kxf7 19. gxf5 exf5 20. Nf4 Be6 21. Nxg6 Nxg6
22. Bxf5 Bxf5 23. Qxf5+ Kg8 24. Qf7+ Kh7 25. Rf6 Rhg8 26. Qxg6+ Kh8 27. Kh1 Bf8
28. Qh5 Ra7 29. Rxf8 Rxf8 30. Qxh6+ Kg8 31. Rg1+ Kf7 32. Rf1+ 1-0

[Event "XXIX Memorial Edoardo Crespi A"]
[Site "Milano ITA"]
[Date "2008.12.10"]
[Round "6"]
[White "Melotti, Dario"]
[Black "Valenti, Giuseppe"]
[Result "1/2-1/2"]
[WhiteElo "2085"]
[BlackElo "2162"]
[PlyCount "68"]
[EventDate "2008.12.06"]

1. c4 c5 2. Nf3 e6 3. d4 cxd4 4. Nxd4 a6 5. a3 Qc7 6. e4 Nf6 7. Nc3 b6 8. Bd3
Bb7 9. O-O d6 10. Kh1 Nbd7 11. Qe2 Ne5 12. Bd2 Rc8 13. b3 Nxd3 14. Qxd3 Be7 15.
f4 O-O 16. Rae1 Rcd8 17. Qg3 Kh8 18. Qh3 Qc5 19. Be3 Qa5 20. Bg1 Rc8 21. e5 Ne8
22. b4 Qxa3 23. Rb1 Rxc4 24. Rb3 Rxc3 25. Qxc3 Qa4 26. b5 axb5 27. Ra1 Qc4 28.
Qxc4 bxc4 29. Rxb6 Bd5 30. Ra7 dxe5 31. Rxe7 exd4 32. Rb8 Bc6 33. Bxd4 Kg8 34.
Rb6 Bd5 1/2-1/2

[Event "XXIX Memorial Edoardo Crespi A"]
[Site "Milano ITA"]
[Date "2008.12.10"]
[Round "6"]
[White "Morchiashvili, Bachana"]
[Black "Bove, Alessandro"]
[Result "1/2-1/2"]
[WhiteElo "2411"]
[BlackElo "2246"]
[PlyCount "54"]
[EventDate "2008.12.06"]

1. d4 Nf6 2. c4 e6 3. Nf3 d5 4. Nc3 c6 5. Bg5 dxc4 6. e4 b5 7. e5 h6 8. Bh4 g5
9. Nxg5 hxg5 10. Bxg5 Nbd7 11. exf6 Bb7 12. g3 c5 13. d5 Bh6 14. Bxh6 Rxh6 15.
Bg2 Ne5 16. O-O b4 17. Qa4+ Kf8 18. dxe6 Qxf6 19. Bxb7 Rb8 20. Bg2 bxc3 21.
Qxa7 Rxb2 22. Rae1 Kg7 23. e7 Rh8 24. Qxc5 Nd3 25. Qxc4 Nxe1 26. Qg4+ Qg6 27.
Qd4+ Qf6 1/2-1/2

[Event "XXIX Memorial Edoardo Crespi A"]
[Site "Milano ITA"]
[Date "2008.12.10"]
[Round "6"]
[White "Profumo, Alberto"]
[Black "Mastroddi, Emiliano"]
[Result "1-0"]
[WhiteElo "2231"]
[BlackElo "2069"]
[PlyCount "57"]
[EventDate "2008.12.06"]

1. Nf3 d5 2. g3 Nf6 3. Bg2 c6 4. O-O Bg4 5. d4 e6 6. Nbd2 Bxf3 7. Bxf3 Nbd7 8.
e4 dxe4 9. Nxe4 Nxe4 10. Bxe4 Nf6 11. Bf3 Be7 12. c3 O-O 13. a4 Qa5 14. Qc2
Rfd8 15. b4 Qc7 16. a5 Nd5 17. Bd2 Bf6 18. Ra2 e5 19. c4 Ne7 20. dxe5 Bxe5 21.
Re1 Ng6 22. b5 cxb5 23. cxb5 Rac8 24. Qxc7 Rxc7 25. Be3 Bd4 26. Bxd4 Rxd4 27.
Re8+ Nf8 28. b6 Rc1+ 29. Kg2 1-0

[Event "XXIX Memorial Edoardo Crespi A"]
[Site "Milano ITA"]
[Date "2008.12.10"]
[Round "6"]
[White "Rettore, Ludwig"]
[Black "Salmoiraghi, Angelo"]
[Result "1/2-1/2"]
[WhiteElo "2171"]
[BlackElo "2122"]
[PlyCount "57"]
[EventDate "2008.12.06"]

1. d4 c5 2. e4 cxd4 3. Nf3 a6 4. Nxd4 Nf6 5. Nc3 e5 6. Nb3 Bb4 7. Bd3 d5 8.
exd5 Nxd5 9. O-O Bxc3 10. bxc3 O-O 11. Qh5 e4 12. Bxe4 Nf6 13. Qh4 Nxe4 14.
Qxe4 Re8 15. Qf4 Nc6 16. Be3 Be6 17. Rfd1 Qc8 18. Nd4 Ne7 19. Nxe6 Qxe6 20. Bd4
Nf5 21. a4 Rac8 22. h3 Rc4 23. Re1 Qxe1+ 24. Rxe1 Rxe1+ 25. Kh2 Ne7 26. Qb8+
Rc8 27. Qxb7 Re6 28. Bb6 Rec6 29. a5 1/2-1/2

[Event "XXIX Memorial Edoardo Crespi A"]
[Site "Milano ITA"]
[Date "2008.12.10"]
[Round "6"]
[White "Salvador, Roland"]
[Black "Battistella, Stefano"]
[Result "1-0"]
[WhiteElo "2464"]
[BlackElo "2088"]
[PlyCount "59"]
[EventDate "2008.12.06"]

1. d4 Nf6 2. Nf3 c5 3. d5 b5 4. c4 b4 5. b3 g6 6. Bb2 d6 7. h3 Bg7 8. Nbd2 O-O
9. g4 h6 10. Bg2 e5 11. Nxe5 Re8 12. Nd3 Qe7 13. Nxc5 dxc5 14. d6 Qxd6 15. Bxa8
Nc6 16. Ne4 Qe6 17. Nxf6+ Bxf6 18. Bxf6 Qxf6 19. Bxc6 Qxc6 20. Qd5 Qc7 21. Rg1
Bb7 22. Qd3 Be4 23. Qe3 Qe5 24. Rd1 Qb2 25. Qd2 Qe5 26. Rg3 Kg7 27. Qd6 Qb2 28.
Re3 Re6 29. Qxc5 Bd3 30. Rdxd3 1-0

[Event "XXIX Memorial Edoardo Crespi A"]
[Site "Milano ITA"]
[Date "2008.12.10"]
[Round "6"]
[White "Solodovnichenko, Yuri"]
[Black "Movsziszian, Karen"]
[Result "0-1"]
[WhiteElo "2590"]
[BlackElo "2558"]
[PlyCount "80"]
[EventDate "2008.12.06"]

1. e4 d6 2. d4 Nf6 3. Nc3 g6 4. Be3 c6 5. h3 Nbd7 6. f4 Qa5 7. Bd3 c5 8. Nge2
c4 9. Bxc4 Nxe4 10. O-O Nxc3 11. Nxc3 Nf6 12. Qf3 a6 13. f5 gxf5 14. Rae1 e6
15. Bd2 Be7 16. Qe2 Qc7 17. Bg5 b5 18. Bb3 h6 19. Bh4 Kf8 20. Rxf5 exf5 21.
Qxe7+ Qxe7 22. Rxe7 Kxe7 23. Nd5+ Kd7 24. Nxf6+ Kc7 25. Bxf7 Rf8 26. Nd5+ Kb7
27. Bh5 Bd7 28. Be7 Rfe8 29. Bxd6 Kc6 30. Bxe8 Rxe8 31. Nf6 Kxd6 32. Nxe8+ Bxe8
33. Kf2 Bc6 34. g3 Be4 35. c3 Bd5 36. a3 f4 37. gxf4 Be4 38. h4 Kd5 39. b3 a5
40. Ke2 a4 0-1

[Event "XXIX Memorial Edoardo Crespi A"]
[Site "Milano ITA"]
[Date "2008.12.10"]
[Round "6"]
[White "Sulashvili, Malkhaz"]
[Black "Bozzali, Ermanno"]
[Result "1/2-1/2"]
[WhiteElo "2495"]
[BlackElo "2154"]
[PlyCount "76"]
[EventDate "2008.12.06"]

1. d4 Nf6 2. Nf3 e6 3. c4 b6 4. a3 d5 5. cxd5 exd5 6. Nc3 Be7 7. Bf4 O-O 8. e3
c6 9. Qc2 Bb7 10. Bd3 Nbd7 11. O-O Re8 12. Ne5 Bf8 13. Nxd7 Qxd7 14. Bg5 h6 15.
Bxf6 gxf6 16. Ne2 Bd6 17. Ng3 Qc7 18. Qe2 Bc8 19. Qh5 Kg7 20. Qh4 Bxg3 21. hxg3
c5 22. dxc5 bxc5 23. b4 c4 24. Bc2 Qe5 25. Rfd1 Be6 26. Qd4 a5 27. b5 a4 28.
Rab1 Reb8 29. Rb4 Qxd4 30. exd4 Rb6 31. Rdb1 Rab8 32. f3 Bd7 33. Bxa4 Ra8 34.
Kf2 Ra5 35. Ra1 Rb8 36. Bc2 Rbxb5 37. Rxb5 Rxb5 38. Rb1 Ra5 1/2-1/2

[Event "XXIX Memorial Edoardo Crespi A"]
[Site "Milano ITA"]
[Date "2008.12.10"]
[Round "6"]
[White "Trent, Lawrence"]
[Black "Damia, Angelo"]
[Result "1-0"]
[WhiteElo "2470"]
[BlackElo "2221"]
[PlyCount "57"]
[EventDate "2008.12.06"]

1. e4 Nf6 2. e5 Nd5 3. d4 d6 4. c4 Nb6 5. exd6 cxd6 6. Nc3 g6 7. Be3 Bg7 8. Rc1
O-O 9. b3 Nc6 10. d5 Ne5 11. Be2 h5 12. Nf3 Nxf3+ 13. Bxf3 Nd7 14. O-O Ne5 15.
Be2 Ng4 16. Bxg4 Bxg4 17. Qd2 Re8 18. Bd4 b6 19. Bxg7 Kxg7 20. Qd4+ Kg8 21.
Rfe1 e5 22. dxe6 Rxe6 23. Rxe6 Bxe6 24. Ne4 Rc8 25. Rd1 Qc7 26. Re1 Kf8 27. Ng5
Re8 28. Nh7+ Ke7 29. Qh4+ 1-0

[Event "XXIX Memorial Edoardo Crespi A"]
[Site "Milano ITA"]
[Date "2008.12.11"]
[Round "7"]
[White "Barberi, Alessandro"]
[Black "Luppi, Sergio"]
[Result "1-0"]
[WhiteElo "2156"]
[BlackElo "1974"]
[PlyCount "65"]
[EventDate "2008.12.06"]

1. d4 g6 2. c4 Bg7 3. Nf3 d6 4. e4 Bg4 5. Be3 c5 6. Nc3 Nc6 7. dxc5 dxc5 8.
Qxd8+ Rxd8 9. Bxc5 Bxf3 10. gxf3 Nd4 11. Bxd4 Bxd4 12. Rc1 a6 13. b3 e6 14. f4
Nf6 15. Bg2 Nh5 16. Ne2 Bc5 17. e5 Bb4+ 18. Kf1 b6 19. Bf3 Ng7 20. Kg2 Ke7 21.
Rhd1 Nf5 22. Be4 Ba3 23. Rb1 Rxd1 24. Rxd1 Ng7 25. Nd4 Re8 26. Nc2 Bb2 27. Rd6
f6 28. Rxb6 fxe5 29. fxe5 Bxe5 30. Rxa6 Rd8 31. c5 Rd2 32. Ra7+ Kf6 33. c6 1-0

[Event "XXIX Memorial Edoardo Crespi A"]
[Site "Milano ITA"]
[Date "2008.12.11"]
[Round "7"]
[White "Barsov, Alexei"]
[Black "Trent, Lawrence"]
[Result "0-1"]
[WhiteElo "2513"]
[BlackElo "2470"]
[PlyCount "112"]
[EventDate "2008.12.06"]

1. d4 Nf6 2. Nf3 g6 3. c4 Bg7 4. g3 O-O 5. Bg2 d6 6. O-O Nbd7 7. Nc3 e5 8. h3
exd4 9. Nxd4 Nb6 10. b3 c5 11. Nc2 Be6 12. e4 Qd7 13. Kh2 Ng4+ 14. hxg4 Bxc3
15. Bf4 Rad8 16. g5 Bxa1 17. Qxa1 Qe7 18. Rd1 h6 19. gxh6 f6 20. Qc3 Rf7 21.
Qa5 Nc8 22. Rh1 Rh7 23. Kg1 Qf8 24. Bc1 Ne7 25. Qc3 Nc6 26. f4 Rdd7 27. Bb2
Rdf7 28. f5 gxf5 29. exf5 Bxf5 30. Bd5 Ne5 31. Bc1 Kh8 32. Ne3 Bd7 33. Bxf7
Qxf7 34. Nd5 Bc6 35. Rh2 Bxd5 36. cxd5 Qxd5 37. Rf2 Rf7 38. Bb2 Qe4 39. Rf4
Qb1+ 40. Rf1 Qe4 41. Rf4 Qg6 42. Kg2 Kh7 43. Qd2 Qd3 44. Qf2 Qd5+ 45. Kh2 Nd3
46. Qc2 Qh5+ 47. Rh4 Qg6 48. Qe2 Nxb2 49. Qxb2 Re7 50. Qd2 f5 51. Kg2 Qe6 52.
Kf2 d5 53. Rf4 d4 54. Rf3 Qe4 55. Qg5 Qe1+ 56. Kg2 Re2+ 0-1

[Event "XXIX Memorial Edoardo Crespi A"]
[Site "Milano ITA"]
[Date "2008.12.11"]
[Round "7"]
[White "Bonanno, Alessandro"]
[Black "Rettore, Ludwig"]
[Result "1/2-1/2"]
[WhiteElo "2125"]
[BlackElo "2171"]
[PlyCount "48"]
[EventDate "2008.12.06"]

1. e4 e5 2. f4 exf4 3. Bc4 Qh4+ 4. Kf1 d6 5. Nc3 Be6 6. Qe2 Nd7 7. Nb5 Qd8 8.
Bxe6 fxe6 9. Qc4 Nc5 10. d4 c6 11. dxc5 cxb5 12. Qxb5+ Qd7 13. Qxd7+ Kxd7 14.
Bxf4 dxc5 15. Rd1+ Kc6 16. Nf3 Nf6 17. Ne5+ Kb6 18. Nd7+ Nxd7 19. Rxd7 Kc6 20.
Rc7+ Kb6 21. Ke2 e5 22. Bxe5 Re8 23. Bg3 Rxe4+ 24. Kf3 Re7 1/2-1/2

[Event "XXIX Memorial Edoardo Crespi A"]
[Site "Milano ITA"]
[Date "2008.12.11"]
[Round "7"]
[White "Bove, Alessandro"]
[Black "Iudicello, Giovanni"]
[Result "1-0"]
[WhiteElo "2246"]
[BlackElo "2183"]
[PlyCount "116"]
[EventDate "2008.12.06"]

1. d4 Nf6 2. Nc3 d5 3. Nf3 e6 4. Bf4 c6 5. e3 Bd6 6. Ne5 Qc7 7. Bd3 Nbd7 8.
Nxd7 Bxd7 9. Bg5 h6 10. Bxf6 gxf6 11. Qh5 e5 12. O-O-O Be6 13. Qh4 Be7 14. f4
e4 15. Be2 f5 16. Qh5 Bb4 17. Nb1 O-O-O 18. h3 Qd7 19. Rhg1 f6 20. Qh4 Rdg8 21.
Nd2 Be7 22. Qe1 Rg7 23. Nf1 Rhg8 24. g3 Kb8 25. Kb1 Qc7 26. Rg2 c5 27. c3 c4
28. Kc2 b5 29. a3 a5 30. Ra1 Qb6 31. Kd2 Kc7 32. Qc1 Bd7 33. Ke1 Rb8 34. Bd1 b4
35. axb4 axb4 36. cxb4 Bxb4+ 37. Kf2 Kd6 38. Qc2 Bb5 39. Kg1 Rbg8 40. Kh2 Rb8
41. g4 Rbg8 42. Ng3 Bd7 43. Be2 fxg4 44. hxg4 Bxg4 45. Bxc4 Rc8 46. Nxe4+ dxe4
47. Qb3 Ba5 48. Qa2 h5 49. b3 Bc3 50. Rc1 Bb4 51. Qc2 f5 52. Qf2 Qd8 53. Ra1
Ra8 54. Rxa8 Qxa8 55. Qh4 Qf8 56. Ra2 Rc7 57. Qg5 Qe7 58. Qg6+ Kd7 1-0

[Event "XXIX Memorial Edoardo Crespi A"]
[Site "Milano ITA"]
[Date "2008.12.11"]
[Round "7"]
[White "Bozzali, Ermanno"]
[Black "Garano, Nicola"]
[Result "0-1"]
[WhiteElo "2154"]
[BlackElo "2251"]
[PlyCount "98"]
[EventDate "2008.12.06"]

1. e4 c5 2. Nf3 Nc6 3. d4 cxd4 4. Nxd4 Nf6 5. Nc3 e5 6. Ndb5 d6 7. Bg5 a6 8.
Na3 b5 9. Bxf6 gxf6 10. Nd5 f5 11. exf5 Bxf5 12. c3 Bg7 13. Nc2 O-O 14. Nce3
Be6 15. Bd3 f5 16. Qh5 e4 17. Bc2 Ne7 18. Rd1 Kh8 19. O-O Ra7 20. f4 b4 21. g4
Nxd5 22. Nxd5 Qa8 23. Bb3 bxc3 24. bxc3 Qc8 25. Kh1 Rb7 26. g5 Bf7 27. Qh4 Qc6
28. g6 Bxg6 29. Ne7 Rxe7 30. Qxe7 e3+ 31. Bd5 Qxc3 32. Rc1 Qd4 33. Rcd1 Qc5 34.
Bf3 Re8 35. Qxd6 Qc2 36. Rfe1 e2 37. Rc1 Qxa2 38. Rc7 Qa5 39. Rcc1 Qb5 40. Qc5
Qxc5 41. Rxc5 Re3 42. Bd5 Bd4 43. Rc2 Bh5 44. Bc6 Bc3 45. Rxc3 Rxc3 46. Bb7 a5
47. Kg1 Rc4 48. Ba6 Rxf4 49. Bxe2 Re4 0-1